00815nam a22002417a 450000500170000001000130001702000240003003500130005403700160006704000120008308200160009510000280011124500470013926000490018627000410023530000290027649000460030565000260035165000290037794200250040699900190043195201230045020170124110249.0 aA-838803 c€7.99a0863181651 aA-838803 bCen Lib/Ret aDPLbEN a616.12bPAT aPatel, Chandra 9142321 aFighting heart disease /cby Chandra Patel bDorling Kindersley Publishers aLondonc1995 bLondona9 Henrietta Street eWC2E8PS a192p. :c22cm(pbk)bill. aThe British Holistic Medical Association  aHeart disease 998317 aMedical science 9142322 2ddccENh616.12mPAT c135750d135750 00104070aLbLd2015-10-08eCen Lib/Refg0.00l0o616.12 PATpA-838803r2015-10-08 00:00:00t1v0.00w2015-10-08yEN